zpět

Detail výsledku týmu

Pizza-Doma ST, Plzeň

Datum a čas kvízu

40.5 Celkem bodů Celkový počet nahraných bodů na tomto kvízu bez doplňovacích otázek.
1. Pořadí na kvízu Konečné umístění týmu na tomto kvízu.

Zaznamenané odpovědi

# Otázka Odpověď Body Výsledky
1. Který 63letý muž se ve čtvrtek... Jiří Kajínek 1
2. Vědci představili revoluční zp... hlavy 1
3. Která hollywoodská herečka si... Scarlett Johansson 1
4. Minulý týden byl oznámen konec... ICQ 1
5. Který klub, jenž byl ještě ned... Příbram 1
6. Středověk bývá obvykle ohranič... D 1
7. Jak se jmenoval významný střed... Vilém I. Dobyvatel 1
8. Jak se jmenoval český kníže z... Vratislav 1
9. Vytvořte z těchto středověkých... 1A 2B 3C 4D 1
10. Závěrem tématu se podíváme na... šlojíř, šlář 0